000 00470cam a22001692 4500
001 0000000379
005 20151217155800.0
008 070125s xx 000 0 eng d
040 _aKABU
_cKABU
100 1 _aOliver, Lord.
_@0000148543
245 1 4 _aThe Anatomy of African misery /
_cLord Oliver.
260 _aLondon :
_bLeonard & Virginia,
_c1927.
300 _a233 p.
908 _a070125
950 _@1
999 _c12301
_d12301